Geography Quiz

Random Geography or City Quiz

Famous Pakistani cities Quiz Stats

 Plays Quiz not verified by Sporcle

Challenge
Share
Tweet
Embed
Score 0/20 Timer 15:00
0 Plays Today
Hint Answer % Correct
Largest CityKarachi
97.4%
CapitalIslamabad
97.4%
City of GardensLahore
92.1%
PassPeshawar
60.5%
Twin CitiesRawalpindi
57.9%
ManchesterFaisalabad
57.9%
SaintsMultan
55.3%
Pacco QiloHyderabad
50%
Dry and fresh fruitsQuetta
42.1%
City of WrestlersGujranwala
39.5%
Hint Answer % Correct
Sport GoodsSialkot
36.8%
Biggest PortGwadar
26.3%
Hottest CityJacobabad
18.4%
City of eaglesSargodha
18.4%
Former largest state in Sub-contienentBahawalpur
18.4%
City of King porusGujrat
15.8%
DamMirpur
13.2%
AlexandriaJhelum
10.5%
ValleyMuzaffarabad
7.9%
Highest Polo GroundChitral
7.9%

You're not logged in!

Compare scores with friends on all Sporcle quizzes.
OR
Log In

You Might Also Like...

Show Comments

Extras

Created Aug 20, 2013ReportNominate
Tags:City Quiz, Famous Quiz

Top Quizzes Today


Score Distribution

Your Account Isn't Verified!

In order to create a playlist on Sporcle, you need to verify the email address you used during registration. Go to your Sporcle Settings to finish the process.

Report this User

Report this user for behavior that violates our Community Guidelines.

Details: